000 00272nam a2200121 i 4500
001 bg
245 0 _aAdvances in materials research.
_nVol. 3.
260 _aNew York,
_c1968.
040 _cBPK
041 _apol
942 _cKS
008 s pl f |000 0 pol
999 _c12420
_d12420
856 _uhttp://koha.tu.koszalin.pl/cgi-bin/koha/opac-detail.pl?biblionumber=12420
_yKatalog online BPK